书目信息 |
| 题名: |
建筑材料与检测
|
|
| 作者: | 连丽 主编 | |
| 分册: | ||
| 出版信息: | 北京 北京理工大学出版社有限责任公司 2019.01 |
|
| 页数: | 250页 | |
| 开本: | 26cm | |
| 丛书名: | ||
| 单 册: | ||
| 中图分类: | TU502 | |
| 科图分类: | ||
| 主题词: | 建筑材料--jian zhu cai liao--检测 | |
| 电子资源: | ||
| ISBN: | 978-7-5682-6508-9 | |
| 000 | 01027nam0 2200253 450 | |
| 001 | 0106081739 | |
| 005 | 20201106082042.0 | |
| 010 | @a978-7-5682-6508-9@dCNY49.80 | |
| 100 | @a20190508d2019 em y0chiy50 ea | |
| 101 | 0 | @achi |
| 102 | @aCN@b110000 | |
| 105 | @aa aqz 000yy | |
| 106 | @ar | |
| 200 | 1 | @a建筑材料与检测@Ajian zhu cai liao yu jian ce@f连丽主编 |
| 210 | @a北京@c北京理工大学出版社有限责任公司@d2019.01@h2020.08 | |
| 215 | @a250页@c图,照片@d26cm@e1实训报告 (15页) | |
| 307 | @a附件题名:《建筑材料与检测》配套实训报告 | |
| 320 | @a有书目(第250页) | |
| 330 | @a本书以国家最新的法律、法规、规章、规范性文件及有关技术规范标准为依据,结合工程各类岗位所需要的建筑材料知识阐述了常用的建筑工程材料的种类、性能及使用,并给出相关检测依据与步骤。本书共分为五个情景,分别介绍了材料基本性质、结构材料、墙体材料、功能材料、装饰材料等内容。 | |
| 606 | 0 | @a建筑材料@Ajian zhu cai liao@x检测 |
| 690 | @aTU502@v5 | |
| 701 | 0 | @a连丽@Alian li@4主编 |
| 801 | 0 | @aCN@bBJSZM@c20201106 |
| 905 | @b1190480-3@dTU502@e1637@f4 | |
| 建筑材料与检测/连丽主编.-北京:北京理工大学出版社有限责任公司,2019.01(2020.08) |
| 250页:图,照片;26cm+1实训报告 (15页) |
| ISBN 978-7-5682-6508-9:CNY49.80 |
| 本书以国家最新的法律、法规、规章、规范性文件及有关技术规范标准为依据,结合工程各类岗位所需要的建筑材料知识阐述了常用的建筑工程材料的种类、性能及使用,并给出相关检测依据与步骤。本书共分为五个情景,分别介绍了材料基本性质、结构材料、墙体材料、功能材料、装饰材料等内容。 |
| ● |
| 相关链接 |
|
|
|
|
正题名:建筑材料与检测
索取号:TU502/1637
 
预约/预借
| 序号 | 登录号 | 条形码 | 馆藏地/架位号 | 状态 | 备注 |
| 1 | 1190480 | 211904803 | 第二样本阅览室/ [索取号:TU502/1637] | 在馆 | |
| 2 | 1190481 | 211904812 | 第三借阅区/ [索取号:TU502/1637] | 在馆 | |
| 3 | 1190482 | 211904821 | 第三借阅区/ [索取号:TU502/1637] | 在馆 | |
| 4 | 1190483 | 211904830 | 第三借阅区/ [索取号:TU502/1637] | 在馆 |